[Event "Vandoeuvre op 5th"]
[Site "Vandoeuvre"]
[Date "2008.12.29"]
[Round "7"]
[White "Rambourg, Jean Marc"]
[Black "Jardine, Ludovic"]
[Result "0-1"]
[WhiteElo "1726"]
[BlackElo "1931"]
[PlyCount "48"]
[EventDate "2008.12.26"]
[EventType "swiss"]
[EventRounds "9"]
[EventCountry "FRA"]
[SourceTitle "CBM 127 Extra"]
[Source "ChessBase"]
[SourceDate "2009.01.08"]
[SourceVersion "2"]
[SourceVersionDate "2009.01.28"]
[SourceQuality "1"]

1. Nf3 Nf6 2. g3 c5 3. Bg2 g6 4. 0-0 Bg7 5. c4 0-0 6. Nc3 Nc6 7. e4 d6 8. Re1 Nd7 9. Qc2 Rb8 10. d3 Nde5 11. a3 Bg4 12. Nh4 Nd4 13. Qb1 Nef3+ 14. Nxf3 Nxf3+ 15. Bxf3 Bxf3 16. Re3 Bg4 17. Ne2 b5 18. Bd2 bxc4 19. Bc3 Rb3 20. f3 Be6 21. Bxg7 Kxg7 22. Nf4 Qb6 23. Qc1 cxd3 24. Rxd3 c4+ 0-1